Komparácia účtovného systému Slovenskej republiky a účtovným systémom vybranej krajiny diplomová práca

Na minha lista:
Detalhes bibliográficos
Autor principal: Kicová, Jana
Autor Corporativo: Podnikovohospodárska fakulta EU so sídlom v Košiciach. Katedra účtovníctva a financií
Outros Autores: Hvastová, Jozefína, 1969-
Formato: Livro
Idioma:eslovaco
Publicado em: Košice 2009
Tags: Adicionar Tag
Sem tags, seja o primeiro a adicionar uma tag!

MARC

LEADER 00000nam$a2200000$$$4500
001 0098697
005 20240320075021.2
041 0 |a slo 
044 |a SK 
245 1 0 |a Komparácia účtovného systému Slovenskej republiky a účtovným systémom vybranej krajiny  |b diplomová práca  |c Jana Kicová ; škol. Jozefína Hvastová 
264 1 |a Košice  |c 2009 
300 |a 100 s. 
100 1 |a Kicová, Jana 
700 1 |a Hvastová, Jozefína, 1969- 
710 2 |a Podnikovohospodárska fakulta EU so sídlom v Košiciach. Katedra účtovníctva a financií